000 00339nam a22001457a 4500
008 221020b ||||| |||| 00| 0 eng d
020 _a9781455770601
041 _aeng
080 _26TH EDITION
_a610.73
082 _a610.73 GRO
100 _a9
101 _aINF
245 _aUNDERSTANDING NURSING RESEARCH
_cGROVE S
942 _2udc
_cBK
999 _c58624
_d58624